|
|
|
|
| LEADER |
00000cam a2200000 7i4500 |
| 001 |
0000002482 |
| 005 |
20030701.0 |
| 020 |
0 |
0 |
|a 9251027560
|
| 090 |
0 |
0 |
|a FAO634.90967
|b MAN 1989
|
| 245 |
0 |
0 |
|a Management of tropical moist forests in Africa
|
| 260 |
0 |
0 |
|a Rome :
|b Food and Agriculture Organization of the United Nations ,
|c 1989
|
| 300 |
|
|
|a vii, 165 p. :
|b ill. ;
|c 30 cm.
|
| 440 |
0 |
0 |
|a FAO forestry paper; 88
|
| 500 |
0 |
0 |
|a Includes bibliographical references (p. 155-165)
|
| 650 |
0 |
0 |
|a Rain forests
|z Africa, Sub-Saharan
|x Management
|
| 700 |
0 |
1 |
|a Philip, M. S.
|
| 710 |
1 |
1 |
|a Food and Agriculture Organization of the United Nations (FAO)
|
| 998 |
|
|
|a JPSM
|
| 999 |
|
|
|a 0000004647
|b Monograph
|c Food and Agriculture Organization
|e Default branch
|